LEADER 01417nam 2200361 n 450 001 996396930203316 005 20221108075735.0 035 $a(CKB)4330000000332744 035 $a(EEBO)2248508353 035 $a(UnM)99855350 035 $a(EXLCZ)994330000000332744 100 $a19920826d1616 uy | 101 0 $aeng 135 $aurbn||||a|bb| 200 12$aA pensiue mans practise. Or The pensiue mans complaint and comfort$b[electronic resource] $eThe second part. A treatise most necessarie for such as are any way afflicted. Wherein they may reape most sweet consolation and comfort, aswell by sweet and familiar most godly conferences, as also by comfortable prayers in whatsoeuer calamities. By I.N 210 $aLondon $cPrinted by E. G[riffin] for William Aspley$d1616 215 $a[26], 258, [4] p 300 $aI.N. = John Norden. 300 $aFormerly STC 18622. 300 $aIdentified as STC 18622 on UMI microfilm reel 1491. 300 $aReproduction of the original in the Bodleian Library. 330 $aeebo-0014 606 $aPrayers$vEarly works to 1800 615 0$aPrayers 700 $aNorden$b John$f1548-1625?$01003211 801 0$bCu-RivES 801 1$bCu-RivES 801 2$bCStRLIN 801 2$bWaOLN 906 $aBOOK 912 $a996396930203316 996 $aA pensiue mans practise. Or the pensiue mans complaint and comfort$92368008 997 $aUNISA LEADER 01359aam 2200397I 450 001 9910709906903321 005 20151118015318.0 024 8 $aGOVPUB-C13-a4f3ceae01c5f15b48361e0d75ed8236 035 $a(CKB)5470000002475202 035 $a(OCoLC)929879366 035 $a(EXLCZ)995470000002475202 100 $a20151118d1979 ua 0 101 0 $aeng 181 $2rdacontent 182 $2rdamedia 183 $2rdacarrier 200 10$aCollaborative reference program for paper $eReport no. 56G /$fR. G. Powell; J. Horlick 210 1$aGaithersburg, MD :$cU.S. Dept. of Commerce, National Institute of Standards and Technology,$d1979. 215 $a1 online resource 225 1 $aNBSIR ;$v79-1360 300 $a1979. 300 $aContributed record: Metadata reviewed, not verified. Some fields updated by batch processes. 300 $aTitle from PDF title page. 320 $aIncludes bibliographical references. 517 $aCollaborative reference program for paper 700 $aPowell$b R. G$01386938 701 $aHorlick$b J$01386491 701 $aPowell$b R. G$01386938 712 02$aUnited States.$bNational Bureau of Standards. 801 0$bNBS 801 1$bNBS 801 2$bGPO 906 $aBOOK 912 $a9910709906903321 996 $aCollaborative reference program for paper$93441856 997 $aUNINA